'New' Things Quiz Stats

 Plays Quiz Updated Sep 27, 2019

Score 0/20 Timer 05:00
2 Plays Today
% Correct
New York City
98.6%
New moon
96.8%
Newborn
94.9%
Newspapers
93.5%
New Testament
88.6%
New Zealand
85.3%
Newt Scamander
81.6%
New Balance
81.1%
New Jersey
79.6%
New Girl
79.5%
% Correct
New Kids On The Block
79.2%
Newfoundland dog
75.4%
New Orleans
75.1%
New Year
69.7%
The Emperor's New Groove
69.3%
Episode IV - A New Hope
67%
Newman
64.5%
Brave New World
56%
News Anchor
49.8%
Times New Roman
44.8%

You're not logged in!

Compare scores with friends on all Sporcle quizzes.
OR
Log In

Sporcle TV

Today on Sporcle TV


Watch our educational content, quiz creation guides, and fun videos on Sporcle TV.

Show Comments

Extras

Top Quizzes Today


Score Distribution

Your Account Isn't Verified!

In order to create a playlist on Sporcle, you need to verify the email address you used during registration. Go to your Sporcle Settings to finish the process.

Report this User

Report this user for behavior that violates our Community Guidelines.

Details: